[Event "4NCL 3 South pool C"]
[Site "Telford, ENG"]
[Date "2016.05.02"]
[Round "11.55"]
[White "Madden, Paul"]
[Black "Rudd, Jack"]
[Result "1/2-1/2"]
[WhiteElo "2079"]
[BlackElo "2263"]
[PlyCount "81"]
[EventDate "2016.05.02"]

1. e4 e5 2. Nf3 Nc6 3. Bb5 Nf6 4. O-O Nxe4 5. d4 Nd6 6. Bxc6 dxc6 7. dxe5 Nf5
8. Qxd8+ Kxd8 9. Nc3 Ke8 10. Ne4 Be6 11. Re1 h6 12. g4 Ne7 13. g5 hxg5 14.
Nfxg5 Bf5 15. c4 Ng6 16. Be3 Bb4 17. Re2 Nh4 18. c5 Nf3+ 19. Nxf3 Bxe4 20. Ne1
Bxe1 21. Raxe1 Rh4 22. f4 Rd8 23. Bf2 Rg4+ 24. Bg3 Bf5 25. Kf2 a5 26. Rc1 Rd4
27. Rc3 Be6 28. Ke3 Rd1 29. Rd2 Ra1 30. Ra3 Rxa2 31. Rxa2 Bxa2 32. b4 Be6 33.
bxa5 g5 34. Rd4 gxf4+ 35. Rxf4 Rg5 36. Rb4 Bc8 37. Rh4 Rg8 38. Rb4 Ke7 39. Bh4+
Ke6 40. Rf4 Kxe5 41. Rxf7 1/2-1/2

[Event "4NCL 3 South pool C"]
[Site "Telford, ENG"]
[Date "2016.05.02"]
[Round "11.56"]
[White "Rees, Ioan"]
[Black "Mercs, Peter J"]
[Result "1-0"]
[WhiteElo "2255"]
[BlackElo "2110"]
[PlyCount "63"]
[EventDate "2016.05.02"]

1. Nf3 c5 2. e3 e6 3. b3 Nf6 4. Bb2 d6 5. Be2 Be7 6. O-O O-O 7. c4 Nbd7 8. d4
cxd4 9. Qxd4 Ne8 10. Nc3 f5 11. Rad1 Nc5 12. b4 Nd7 13. e4 f4 14. Qd2 Bf6 15.
Nb5 a6 16. Nxd6 Nxd6 17. Bxf6 Nxf6 18. e5 Nf7 19. Qxd8 Nxd8 20. exf6 gxf6 21.
c5 Nc6 22. a3 e5 23. Bc4+ Kg7 24. Bd5 Bf5 25. Nh4 Bd7 26. Rd2 Rab8 27. Rfd1 f5
28. Nf3 e4 29. Bxe4 fxe4 30. Rxd7+ Kg8 31. Ng5 Ne5 32. R7d5 1-0

[Event "4NCL 3 South pool C"]
[Site "Telford, ENG"]
[Date "2016.05.02"]
[Round "11.57"]
[White "Garnett, John S"]
[Black "Edgell, Ben P"]
[Result "1/2-1/2"]
[WhiteElo "1989"]
[BlackElo "2128"]
[PlyCount "62"]
[EventDate "2016.05.02"]

1. d4 Nf6 2. Bg5 d5 3. e3 c6 4. Bxf6 exf6 5. c4 Bb4+ 6. Nc3 O-O 7. Qb3 Ba5 8.
cxd5 Qxd5 9. Qxd5 cxd5 10. g3 Nc6 11. a3 Be6 12. Nge2 Rac8 13. Bg2 Ne7 14. O-O
g5 15. Rac1 f5 16. b4 Bc7 17. Na4 Bd6 18. Nc5 b6 19. Nd3 f6 20. Rxc8 Rxc8 21.
Rc1 Rc4 22. Rxc4 dxc4 23. Ne1 a5 24. bxa5 bxa5 25. Nc2 Nd5 26. Kf1 Kf7 27. Ke1
Bc7 28. e4 fxe4 29. Bxe4 Ne7 30. Ne3 f5 31. d5 fxe4 1/2-1/2

[Event "4NCL 3 South pool C"]
[Site "Telford, ENG"]
[Date "2016.05.02"]
[Round "11.58"]
[White "Stewart, Joseph J"]
[Black "Jarvis, Derek A"]
[Result "1/2-1/2"]
[WhiteElo "2162"]
[BlackElo "1924"]
[PlyCount "121"]
[EventDate "2016.05.02"]

1. e4 e6 2. d4 d5 3. exd5 exd5 4. Bd3 Nc6 5. c3 Bd6 6. Nf3 Nge7 7. Qc2 h6 8. h3
Be6 9. a4 Qd7 10. Na3 Bf5 11. Nb5 Bxd3 12. Qxd3 O-O 13. O-O Ng6 14. Nxd6 Qxd6
15. b4 Rfe8 16. Ba3 Qd7 17. Bc1 a6 18. Bd2 Re4 19. c4 Rae8 20. c5 Nf4 21. Bxf4
Rxf4 22. b5 Nb8 23. c6 Qc8 24. cxb7 Qxb7 25. Rfb1 Rfe4 26. bxa6 Qxa6 27. Qb5
Qd6 28. a5 Na6 29. Rc1 R4e6 30. Qa4 c5 31. dxc5 Nxc5 32. Qa3 Na6 33. Qxd6 Rxd6
34. Nd4 Rb8 35. Ra4 g6 36. Kf1 Kf8 37. Ke2 Ke8 38. Rc3 Rb2+ 39. Rc2 Rxc2+ 40.
Nxc2 Nc5 41. Ra3 Kd7 42. Nd4 Ra6 43. Ke3 Nb7 44. Nb3 Kc6 45. Kd4 Kd6 46. Ra1
Nd8 47. Kc3 Nc6 48. Ra4 h5 49. f4 f6 50. g3 Ra7 51. Kd3 Ra6 52. Kc3 Ra7 53. g4
hxg4 54. hxg4 Ra6 55. Ra1 Ra7 56. Ra4 Ra6 57. Kd2 Ra7 58. Kc2 Ra6 59. Kc3 Ra7
60. Ra1 Ra6 61. Ra4 1/2-1/2

[Event "4NCL 3 South pool C"]
[Site "Telford, ENG"]
[Date "2016.05.02"]
[Round "11.59"]
[White "Truman, Richard G"]
[Black "Littlejohns, David P"]
[Result "1/2-1/2"]
[WhiteElo "1958"]
[BlackElo "2004"]
[PlyCount "72"]
[EventDate "2016.05.02"]

1. e4 c6 2. d4 d5 3. exd5 cxd5 4. c4 Nf6 5. Nc3 Nc6 6. Bg5 e6 7. Nf3 Be7 8. Bd3
O-O 9. O-O dxc4 10. Bxc4 h6 11. Bh4 Nd5 12. Bg3 Nxc3 13. bxc3 Bd6 14. Qe2 Ne7
15. Ne5 Bxe5 16. Bxe5 Ng6 17. Bg3 Bd7 18. Bd3 Qf6 19. Be4 Bc6 20. Bxc6 bxc6 21.
Qe4 Rac8 22. Rab1 Qe7 23. Rfe1 Rfd8 24. Rb3 Rd7 25. h4 Qd8 26. Reb1 Qe7 27. Rb8
Rdd8 28. R1b7 Qa3 29. Qf3 Nh8 30. Rxc8 Rxc8 31. h5 Qxa2 32. Be5 Qa3 33. Qg3
Qc1+ 34. Kh2 Qg5 35. Qxg5 hxg5 36. Rxa7 f6 1/2-1/2

[Event "4NCL 3 South pool C"]
[Site "Telford, ENG"]
[Date "2016.05.02"]
[Round "11.65"]
[White "Gill, Oliver"]
[Black "Cooper, Lawrence H"]
[Result "0-1"]
[WhiteElo "2104"]
[BlackElo "2333"]
[PlyCount "80"]
[EventDate "2016.05.02"]

1. e4 e5 2. Nf3 Nc6 3. Bb5 a6 4. Bxc6 dxc6 5. O-O Bd6 6. d4 exd4 7. Qxd4 f6 8.
c4 c5 9. Qd5 Ne7 10. Qh5+ Ng6 11. e5 fxe5 12. Re1 Qf6 13. Bg5 Qf7 14. Bd2 O-O
15. Bc3 Qxc4 16. Nbd2 Qg4 17. Qxg4 Bxg4 18. Nxe5 Nxe5 19. Bxe5 Bxe5 20. Rxe5
Rad8 21. Ne4 b6 22. f3 Bf5 23. Re1 Bxe4 24. R5xe4 Rd7 25. R1e2 Rfd8 26. Kf2 Rd2
27. b3 Rxe2+ 28. Kxe2 Kf7 29. f4 Rd6 30. h3 Kf6 31. g4 Rd4 32. Ke3 Rd1 33. f5
Re1+ 34. Kf4 Rxe4+ 35. Kxe4 Kg5 36. Kd5 h5 37. gxh5 Kxf5 38. a4 Kg5 39. a5 bxa5
40. Kxc5 Kxh5 0-1

[Event "4NCL 3 South pool C"]
[Site "Telford, ENG"]
[Date "2016.05.02"]
[Round "11.66"]
[White "Sygnowski, Tomasz"]
[Black "De Coverly, Roger D"]
[Result "1/2-1/2"]
[WhiteElo "2275"]
[BlackElo "2076"]
[PlyCount "123"]
[EventDate "2016.05.02"]

1. e4 e5 2. f4 Nc6 3. Nf3 f5 4. d3 d6 5. Nc3 Nf6 6. fxe5 dxe5 7. Bg5 Be7 8.
exf5 Bxf5 9. Be2 O-O 10. O-O Qd7 11. Ne4 Nxe4 12. dxe4 Bc5+ 13. Kh1 Qxd1 14.
Raxd1 Bxe4 15. Rfe1 Kh8 16. c3 h6 17. Bh4 Rae8 18. Rd2 g5 19. Bg3 g4 20. Nh4 h5
21. Bb5 Bh7 22. h3 gxh3 23. gxh3 e4 24. Rd5 Bf2 25. Bxf2 Rxf2 26. Rxh5 Rf6 27.
Rd1 Re5 28. Rd8+ Nxd8 29. Rxe5 Nf7 30. Re7 e3 31. Rxe3 Nd6 32. Be2 Rh6 33. Ng2
Be4 34. Kh2 Rf6 35. Kg1 Bd5 36. b3 Nf5 37. Re5 Bc6 38. Bg4 Nd6 39. Ne3 Ne4 40.
c4 Nd2 41. Rf5 Rd6 42. Rf8+ Kg7 43. Rc8 Rd3 44. Rxc7+ Kf6 45. Nd5+ Ke5 46. Kf2
Ne4+ 47. Ke1 a5 48. Rf7 Rg3 49. Kf1 a4 50. Rf3 axb3 51. axb3 b5 52. Rxg3 Nxg3+
53. Kg2 bxc4 54. bxc4 Bxd5+ 55. cxd5 Kxd5 56. Kxg3 Ke5 57. Kh4 Kf6 58. Kh5 Kg7
59. Bf5 Kh8 60. Kh6 Kg8 61. Bh7+ Kh8 62. h4 1/2-1/2

[Event "4NCL 3 South pool C"]
[Site "Telford, ENG"]
[Date "2016.05.02"]
[Round "11.67"]
[White "Pleasants, Allan J"]
[Black "Manelidou, Maria"]
[Result "0-1"]
[WhiteElo "2043"]
[BlackElo "2085"]
[PlyCount "80"]
[EventDate "2016.05.02"]

1. d4 d5 2. c4 c6 3. cxd5 cxd5 4. Nc3 Nc6 5. Nf3 Nf6 6. e3 a6 7. Bd3 e6 8. O-O
Be7 9. b3 O-O 10. Bb2 b5 11. Rc1 Bb7 12. Qe2 Qb6 13. Bb1 Bb4 14. Ne5 Rfc8 15.
Qd3 g6 16. a3 Bf8 17. Ne2 b4 18. a4 a5 19. f3 Ba6 20. Qd2 Nxe5 21. dxe5 Nd7 22.
Bd4 Bc5 23. Bxc5 Rxc5 24. Rxc5 Nxc5 25. Bc2 Rc8 26. Bd1 Bxe2 27. Qxe2 Nd7 28.
f4 Rc3 29. Rf3 Nc5 30. h3 Nd3 31. Rf1 Nc1 32. Qb5 Qxe3+ 33. Kh2 Qc5 34. Qb8+
Qc8 35. Qb6 Qc7 36. Qb5 Nxb3 37. h4 Qd8 38. g3 Nd2 39. Rf2 Ne4 40. Rg2 Nxg3 0-1

[Event "4NCL 3 South pool C"]
[Site "Telford, ENG"]
[Date "2016.05.02"]
[Round "11.68"]
[White "Ashworth, Michael"]
[Black "Simons, Martin J"]
[Result "1/2-1/2"]
[WhiteElo "1852"]
[BlackElo "2018"]
[PlyCount "175"]
[EventDate "2016.05.02"]

1. d4 c5 2. d5 Nf6 3. c4 b5 4. cxb5 a6 5. bxa6 g6 6. Nc3 Bxa6 7. e4 Bxf1 8.
Kxf1 d6 9. g3 Bg7 10. Kg2 O-O 11. Nf3 Nbd7 12. Qe2 Ng4 13. Bf4 Qa5 14. h3 Nge5
15. Nxe5 Nxe5 16. Bxe5 Bxe5 17. Rhc1 Rfb8 18. Qc2 Qb4 19. Rab1 Qc4 20. b3 Qxc3
21. Qxc3 Bxc3 22. Rxc3 Rxa2 23. Kf3 Rb4 24. Rd1 Rb2 25. Rdd3 Kg7 26. Re3 Kf6
27. g4 g5 28. Kg3 Ke5 29. f3 Rd4 30. Rcd3 Rb4 31. Rc3 Rb8 32. Red3 Ra8 33. Rc1
Raa2 34. Rg1 Ra3 35. h4 h6 36. hxg5 hxg5 37. Rh1 Rbxb3 38. Rxb3 Rxb3 39. Rh7
Kf6 40. Rh8 Rb2 41. Rc8 e6 42. dxe6 fxe6 43. Rf8+ Kg7 44. Rd8 Rd2 45. Rd7+ Kf6
46. Rc7 Ra2 47. Rd7 Ra6 48. Rc7 Ke5 49. Rg7 c4 50. Rxg5+ Kd4 51. Rh5 c3 52. g5
c2 53. Rh1 Rc6 54. Rc1 Ke3 55. g6 Kd2 56. Rxc2+ Rxc2 57. f4 Ke3 58. g7 Rc8 59.
f5 Kxe4 60. f6 Rg8 61. Kf2 Ke5 62. f7 Rxg7 63. f8=Q Rg5 64. Qh8+ Kd5 65. Qc3
Rf5+ 66. Ke3 e5 67. Qd3+ Ke6 68. Qc4+ Ke7 69. Qc7+ Ke6 70. Qc8+ Kf6 71. Qd7 Rf4
72. Qxd6+ Kf5 73. Qd7+ Kf6 74. Qh3 Rd4 75. Qf3+ Rf4 76. Qc6+ Kf5 77. Qd7+ Kf6
78. Qd6+ Kf5 79. Qe7 Rd4 80. Qf7+ Kg5 81. Qe6 Rf4 82. Qxe5+ Rf5 83. Qg7+ Kh4
84. Ke4 Rg5 85. Qf6 Kg4 86. Qf3+ Kh4 87. Kf4 Rf5+ 88. Kxf5 1/2-1/2

[Event "4NCL 3 South pool C"]
[Site "Telford, ENG"]
[Date "2016.05.02"]
[Round "11.69"]
[White "Adaway, William"]
[Black "Guha, Chirag"]
[Result "0-1"]
[WhiteElo "1988"]
[BlackElo "1907"]
[PlyCount "62"]
[EventDate "2016.05.02"]

1. e4 e5 2. Nc3 Nf6 3. g3 Nc6 4. Nf3 Bb4 5. Bg2 d6 6. d3 O-O 7. O-O h6 8. Nd5
Bc5 9. c3 a6 10. b4 Ba7 11. Be3 Bxe3 12. fxe3 Nxd5 13. exd5 Ne7 14. e4 f5 15.
Nh4 Qe8 16. Qd2 f4 17. gxf4 Qh5 18. Nf5 Nxf5 19. exf5 Rxf5 20. fxe5 Rxe5 21.
Rae1 Rg5 22. Kh1 Bh3 23. Bf3 Qf7 24. Bg4 Qxd5+ 25. Bf3 Qf7 26. Bg4 Qd5+ 27. Bf3
Qf5 28. Bxb7 Bxf1 29. Bxa8 d5 30. Qe3 Bg2+ 31. Kg1 Be4+ 0-1

[Event "4NCL 3 South pool C"]
[Site "Telford, ENG"]
[Date "2016.05.02"]
[Round "11.70"]
[White "Holton, Jake"]
[Black "Gregory, Keith D F"]
[Result "1/2-1/2"]
[WhiteElo "1862"]
[BlackElo "1996"]
[PlyCount "36"]
[EventDate "2016.05.02"]

1. d4 d6 2. Nf3 Nd7 3. c4 Ngf6 4. Nc3 e5 5. e4 Be7 6. Be2 O-O 7. O-O c6 8. Qc2
a6 9. Rd1 Qc7 10. Be3 Re8 11. dxe5 dxe5 12. a3 a5 13. h3 Bc5 14. Bxc5 Nxc5 15.
b4 axb4 16. axb4 Rxa1 17. Rxa1 Ne6 18. c5 Nd4 1/2-1/2

[Event "4NCL 3 South pool C"]
[Site "Telford, ENG"]
[Date "2016.05.02"]
[Round "11.75"]
[White "Farkas, Daniel"]
[Black "Rutter, Nick J"]
[Result "0-1"]
[WhiteElo "2115"]
[BlackElo "2290"]
[PlyCount "74"]
[EventDate "2016.05.02"]

1. e4 c5 2. c3 d5 3. exd5 Qxd5 4. d4 Nc6 5. Nf3 Bf5 6. Be3 Nf6 7. Nbd2 cxd4 8.
Bc4 dxe3 9. Bxd5 exd2+ 10. Qxd2 O-O-O 11. Rd1 Rxd5 12. Qe2 Rxd1+ 13. Qxd1 e5
14. O-O Bg4 15. Qc2 Bxf3 16. Qf5+ Kc7 17. Qxf3 Bd6 18. b4 e4 19. Qe2 Kb8 20.
Rd1 Bc7 21. a4 Ne5 22. a5 Nd3 23. f3 Nf4 24. Qe3 N6d5 25. Qc5 Nxc3 26. Rd7 Rc8
27. Qe7 Nfd5 28. Qxf7 e3 29. Rxd5 Nxd5 30. Qxd5 Rd8 31. Qb3 e2 32. Kf2 Re8 33.
Ke1 Bxh2 34. f4 Bxf4 35. Qd3 h5 36. g3 Bc7 37. Qg6 Re3 0-1

[Event "4NCL 3 South pool C"]
[Site "Telford, ENG"]
[Date "2016.05.02"]
[Round "11.77"]
[White "Agnew, Alan"]
[Black "Gostelow, David W"]
[Result "1/2-1/2"]
[WhiteElo "2090"]
[BlackElo "2050"]
[PlyCount "34"]
[EventDate "2016.05.02"]

1. e4 c5 2. Nf3 Nc6 3. d3 g6 4. g3 Bg7 5. Bg2 e5 6. c3 Nge7 7. O-O O-O 8. a3 d6
9. b4 a6 10. Nbd2 h6 11. Bb2 Be6 12. Rb1 Qc7 13. Ba1 Rfd8 14. Re1 b5 15. Nf1
Ra7 16. Ne3 cxb4 17. cxb4 Qb6 1/2-1/2

[Event "4NCL 3 South pool C"]
[Site "Telford, ENG"]
[Date "2016.05.02"]
[Round "11.78"]
[White "Bryant, Richard B E"]
[Black "Okhai, Shabir"]
[Result "0-1"]
[WhiteElo "2057"]
[BlackElo "2064"]
[PlyCount "90"]
[EventDate "2016.05.02"]

1. e4 e5 2. Nf3 Nc6 3. d4 exd4 4. Bc4 Nf6 5. e5 d5 6. Bb5 Ne4 7. Nxd4 Bd7 8.
Bxc6 bxc6 9. O-O Be7 10. f3 Nc5 11. c3 O-O 12. Be3 f6 13. exf6 Rxf6 14. Qc2 Rg6
15. b4 Ne6 16. Nf5 Bf8 17. Nd2 c5 18. bxc5 Nxc5 19. Nb3 Nxb3 20. axb3 Qf6 21.
Ng3 c5 22. Qd2 Bc6 23. Ra6 Qf7 24. Rfa1 Qb7 25. Qa2 Re6 26. Bf2 Rb8 27. b4 cxb4
28. Rxa7 Qb5 29. cxb4 Qxb4 30. Ra5 Rbe8 31. Rd1 Bd6 32. Nf1 Bc7 33. Ra6 Re2 34.
Rd2 Qb5 35. Ra3 Re1 36. Rad3 Bxh2+ 37. Kxh2 Rxf1 38. Bg3 Re6 39. Bf4 Qc5 40.
Qa6 Qg1+ 41. Kg3 Rg6+ 42. Bg5 h6 43. Rxd5 Rxf3+ 44. Kxf3 Bxd5+ 45. Rxd5 Rxa6
0-1

[Event "4NCL 3 South pool C"]
[Site "Telford, ENG"]
[Date "2016.05.02"]
[Round "11.79"]
[White "Millward, Kevin P"]
[Black "Paul, Nathanael"]
[Result "1/2-1/2"]
[WhiteElo "1994"]
[BlackElo "2027"]
[PlyCount "97"]
[EventDate "2016.05.02"]

1. d4 Nf6 2. Bf4 d5 3. e3 c5 4. c3 Nc6 5. Nd2 Qb6 6. Qb3 c4 7. Qc2 g6 8. Ngf3
Bf5 9. Qc1 Bg7 10. Be2 O-O 11. b3 Bd3 12. Bxd3 cxd3 13. O-O Ne4 14. Qb2 f6 15.
c4 Nxd2 16. Nxd2 e5 17. Bg3 exd4 18. cxd5 f5 19. Nc4 dxe3 20. Qxg7+ Kxg7 21.
Nxb6 axb6 22. fxe3 Ne7 23. Bd6 Rfe8 24. Be5+ Kg8 25. d6 Nd5 26. Bd4 Red8 27.
Rfd1 Rxd6 28. Rxd3 Nxe3 29. Rxe3 Rxd4 30. Re2 Rad8 31. Rae1 R8d7 32. h3 Rd2 33.
Re7 Kf8 34. Rxd7 Rxd7 35. Re6 Kf7 36. Rxb6 Ke7 37. Kf2 Kd8 38. Kf3 Kc7 39. Rb4
Rd2 40. a4 b6 41. h4 h5 42. g3 Rd3+ 43. Kf4 Kc6 44. Rc4+ Kd5 45. Rb4 Kc5 46.
Rb5+ Kc6 47. Rb4 Kc5 48. Rb5+ Kc6 49. Rb4 1/2-1/2

[Event "4NCL 3 South pool C"]
[Site "Telford, ENG"]
[Date "2016.05.02"]
[Round "11.80"]
[White "Pugh, Glyn D"]
[Black "Mc Aleenan, Charles"]
[Result "1-0"]
[WhiteElo "1990"]
[BlackElo "1900"]
[PlyCount "89"]
[EventDate "2016.05.02"]

1. e4 e6 2. d4 d5 3. Nc3 Bb4 4. e5 c5 5. a3 Bxc3+ 6. bxc3 Ne7 7. Qg4 cxd4 8.
Qxg7 Rg8 9. Qxh7 dxc3 10. f4 Qc7 11. Nf3 Nbc6 12. h4 Bd7 13. Ng5 Nxe5 14. fxe5
Qxe5+ 15. Kd1 O-O-O 16. Qd3 f6 17. Nf3 Qc7 18. Rb1 e5 19. Rb3 d4 20. Qc4 Nc6
21. Bg5 e4 22. Bc1 exf3 23. gxf3 Qg3 24. Be2 Rde8 25. Qb5 Nd8 26. Qc5+ Bc6 27.
Qf5+ Bd7 28. Qc5+ Kb8 29. Qxd4 Ne6 30. Qxc3 Rd8 31. Bd2 Bc6 32. Qxc6 Rxd2+ 33.
Kxd2 Qf4+ 34. Kd1 Qd4+ 35. Kc1 Qa1+ 36. Kd2 Qd4+ 37. Ke1 Qa1+ 38. Bd1 Qe5+ 39.
Qe4 Qa5+ 40. Rb4 Nc5 41. Qf4+ Kc8 42. Be2 Qxa3 43. Qc4 Qc1+ 44. Kf2 Qxh1 45.
Qxg8+ 1-0

[Event "4NCL 3 South pool C"]
[Site "Telford, ENG"]
[Date "2016.05.02"]
[Round "11.85"]
[White "Fallowfield, Jeremy R"]
[Black "Myall, Ivan J"]
[Result "1/2-1/2"]
[WhiteElo "2138"]
[BlackElo "2087"]
[PlyCount "58"]
[EventDate "2016.05.02"]

1. e4 e5 2. Nf3 Nc6 3. Bb5 Bc5 4. Nxe5 Qe7 5. Nf3 Qxe4+ 6. Be2 Nf6 7. O-O O-O
8. Nc3 Qe8 9. d4 Be7 10. d5 Nb8 11. Nb5 Nxd5 12. Qxd5 c6 13. Qh5 cxb5 14. Bd3
f5 15. Qxe8 Rxe8 16. Bxf5 Bf6 17. Bd3 a6 18. c3 Nc6 19. Be3 d5 20. Rac1 Bg4 21.
Be2 Ne5 22. Nxe5 Bxe2 23. Rfe1 Bxe5 24. Rxe2 d4 25. cxd4 Bxd4 26. Kf1 Bxe3 27.
Rxe3 Rxe3 28. fxe3 Rd8 29. Ke2 Rd7 1/2-1/2

[Event "4NCL 3 South pool C"]
[Site "Telford, ENG"]
[Date "2016.05.02"]
[Round "11.86"]
[White "Wallis, Ian J"]
[Black "Hunt, Malcolm A"]
[Result "1-0"]
[WhiteElo "2125"]
[BlackElo "2076"]
[PlyCount "115"]
[EventDate "2016.05.02"]

1. e4 e5 2. Nf3 Nc6 3. Bb5 Nf6 4. d3 Ne7 5. O-O c6 6. Ba4 Ng6 7. c3 d6 8. Nbd2
Be7 9. Re1 O-O 10. Nf1 Re8 11. Ng3 Bf8 12. h3 d5 13. Bb3 h6 14. Nh2 Be6 15. Qf3
dxe4 16. dxe4 Nh4 17. Qe2 Bxb3 18. axb3 Qd7 19. Be3 a6 20. Nhf1 Qe6 21. Nd2 Ng6
22. Qc4 Rad8 23. Qxe6 Rxe6 24. Nc4 Ree8 25. Bb6 Rd3 26. Rad1 Rxd1 27. Rxd1 Nf4
28. b4 g6 29. Bc7 N6h5 30. Nxh5 Nxh5 31. f3 f6 32. Rd7 c5 33. Nd6 Bxd6 34. Bxd6
cxb4 35. Bxb4 b5 36. h4 Re6 37. Kf2 f5 38. Rd8+ Kg7 39. Bf8+ Kh7 40. Rd7+ Kg8
41. Bxh6 fxe4 42. Bg5 exf3 43. Kxf3 e4+ 44. Kf2 Ng7 45. Re7 Rxe7 46. Bxe7 Kf7
47. Bg5 Ke6 48. Ke3 Kd5 49. g4 a5 50. Bf6 Ne8 51. Be7 a4 52. Kf4 Ng7 53. Bf6
Ne8 54. Be7 Ng7 55. Ke3 Ke5 56. Bf8 Ne6 57. Bb4 Ng7 58. c4 1-0

[Event "4NCL 3 South pool C"]
[Site "Telford, ENG"]
[Date "2016.05.02"]
[Round "11.87"]
[White "Paterson, Andrew I"]
[Black "Fogg, Martin"]
[Result "1-0"]
[WhiteElo "2095"]
[BlackElo "2050"]
[PlyCount "39"]
[EventDate "2016.05.02"]

1. f4 c5 2. Nf3 g6 3. e3 Bg7 4. Be2 Nf6 5. O-O O-O 6. d3 d6 7. Nc3 Bg4 8. h3
Bd7 9. a4 Nc6 10. Qe1 e5 11. fxe5 dxe5 12. e4 Nh5 13. Nd5 Be6 14. Ng5 Nf4 15.
Nxe6 fxe6 16. Ne3 Nd4 17. Bd1 Qg5 18. Kh2 Rad8 19. g3 Nh5 20. Nf5 1-0

[Event "4NCL 3 South pool C"]
[Site "Telford, ENG"]
[Date "2016.05.02"]
[Round "11.88"]
[White "Peck, Silas"]
[Black "Ingram, Keith R"]
[Result "1/2-1/2"]
[WhiteElo "1940"]
[BlackElo "1997"]
[PlyCount "46"]
[EventDate "2016.05.02"]

1. e4 e5 2. Nf3 Nf6 3. Nxe5 d6 4. Nf3 Nxe4 5. Nc3 Nxc3 6. dxc3 Be7 7. Bf4 Nc6
8. Qd2 Bg4 9. Be2 Qd7 10. O-O-O O-O-O 11. Rhe1 Rhe8 12. h3 Bh5 13. Nd4 Bxe2 14.
Rxe2 Bf6 15. Rde1 Rxe2 16. Nxe2 Re8 17. Ng3 Rxe1+ 18. Qxe1 Qe7 19. Qxe7 Bxe7
20. Kd2 Kd7 21. b3 Ke6 22. Ne2 h5 23. Nd4+ Nxd4 1/2-1/2

[Event "4NCL 3 South pool C"]
[Site "Telford, ENG"]
[Date "2016.05.02"]
[Round "11.89"]
[White "Cundy, Mark A"]
[Black "Brown, David"]
[Result "1/2-1/2"]
[WhiteElo "1945"]
[BlackElo "1951"]
[PlyCount "40"]
[EventDate "2016.05.02"]

1. e4 e5 2. f4 exf4 3. Nf3 Be7 4. Nc3 Nf6 5. d4 d6 6. Bxf4 O-O 7. Bc4 Nxe4 8.
Nxe4 d5 9. Bxd5 Qxd5 10. Nc3 Bb4 11. O-O Bxc3 12. bxc3 c6 13. Ne5 Nd7 14. c4
Qe4 15. Nxd7 Bxd7 16. c5 Be6 17. Qd2 Rfd8 18. Bd6 Rd7 19. c3 Qd5 20. Rf3 f6
1/2-1/2

[Event "4NCL 3 South pool C"]
[Site "Telford, ENG"]
[Date "2016.05.02"]
[Round "11.90"]
[White "Sheerin, Alex"]
[Black "Smith, Simon C"]
[Result "1/2-1/2"]
[WhiteElo "1780"]
[BlackElo "1910"]
[PlyCount "73"]
[EventDate "2016.05.02"]

1. e4 c5 2. Nf3 a6 3. c3 d5 4. exd5 Nf6 5. d4 cxd4 6. c4 e6 7. dxe6 Bxe6 8.
Nxd4 Bb4+ 9. Nc3 Nc6 10. Nxc6 Bxc3+ 11. bxc3 Qxd1+ 12. Kxd1 bxc6 13. Bd3 O-O-O
14. Kc2 Ng4 15. Be3 Nxe3+ 16. fxe3 c5 17. Rab1 Kc7 18. Rb2 Rb8 19. Rhb1 Rxb2+
20. Rxb2 Rb8 21. Rxb8 Kxb8 22. Kb3 Kc7 23. Be4 f5 24. Bd5 Bd7 25. Kc2 Kd6 26.
Kd3 Ke5 27. g3 g5 28. Ke2 f4 29. gxf4+ gxf4 30. Kf3 fxe3 31. Kxe3 Bf5 32. Bb7
a5 33. Bd5 Bb1 34. a3 Bf5 35. Kf3 Bh3 36. Kg3 Bf5 37. Kf3 1/2-1/2